| 000 | 00484nab a22001337u 4500 | ||
|---|---|---|---|
| 008 | 130520b2003 xxu||||| |||| 00| 0 spa d | ||
| 041 | _aspa | ||
| 100 | 1 |
_aAmmicht-Quinn, Regina _958666 |
|
| 245 | 0 | 0 |
_aLa confección de esta monografía sobre la dignidad _cRegina Ammicht-Quinn, Maureen Junker-Kenny, Elsa Támez Luna |
| 700 | 1 |
_aJunker-Kenny, Maureen _910248 |
|
| 700 | 1 |
_aTámez Luna, Elsa _99317 |
|
| 773 | 0 |
_tConcilium _gnº300,2003,págs. 141-146 _x0210-1041 _wRev134 |
|
| 942 | _cAR | ||
| 999 |
_c363805 _d363805 |
||